La ética del aborto y la eutanasia.
Gardado en:
| Autor Principal: | |
|---|---|
| Formato: | Libro |
| Idioma: | Lingua castelá |
| Publicado: |
Buenos Aires, Argentina
Abeledo-Perrot
1985
|
| Subjects: | |
| Tags: |
Engadir etiqueta
Sen Etiquetas, Sexa o primeiro en etiquetar este rexistro!
|
MARC
| LEADER | 00000nam a2200000 a 4500 | ||
|---|---|---|---|
| 001 | UCV1589 | ||
| 003 | CL-VaPUC | ||
| 005 | 20240821121011.0 | ||
| 008 | 900828e19850000AG |||||||||||||||||spa|d | ||
| 999 | |c 209512 |d 209510 | ||
| 040 | |c Pontificia Universidad Católica de Valparaíso | ||
| 082 | 0 | 4 | |a 179.7 FAR 1985 |2 21 |
| 100 | 0 | |a Farrell, Martín Diego |9 295870 | |
| 245 | 1 | 3 | |a La ética del aborto y la eutanasia. |
| 260 | 0 | 3 | |a Buenos Aires, Argentina |b Abeledo-Perrot |c 1985 |
| 300 | |a 121 páginas. | ||
| 583 | |a last modification |c 19900828 00:00:00 |k Rodrigo Vera | ||
| 650 | 0 | |a Aborto |9 256680 | |
| 650 | 0 | |a Derecho y ética |9 255883 | |
| 650 | 0 | |a Eutanasia |9 255102 | |
| 942 | |c BK |2 ddc | ||
| 945 | |d 19900828 00:00:00 | ||
| 952 | |0 0 |1 0 |2 ddc |4 0 |6 179_700000000000000_FAR_1985 |7 0 |8 DER_TF |9 184943 |a BIBDER |b BIBDER |d 2019-11-14 |i 2522705 |l 2 |m 3 |o 179.7 FAR 1985 |p 2522705 |q 2025-12-31 |r 2020-03-30 |s 2020-03-30 |t 1 |w 2019-11-14 |x Ubicación 4to Piso |y BK |z Estos recursos deben solicitarse con anticipación |k DER | ||